Statistics for Stockholm Arlanda (ARN) Airport Destinations

Click here to take the quiz!

General Stats

  • This quiz has been taken 234 times
    (181 since last reset)
  • The average score is 93 of 182

Answer Stats

Airline/sDestination% Correct
Air France, Scandinavian Airlines, VuelingParis (Charles de Gaulle)
94%
Transavia, VuelingParis (Orly)
94%
Finnair, Norwegian Air Shuttle, Scandinavian AirlinesHelsinki
92%
Air Leap, Ethiopian Airlines, Norwegian Air Shuttle, Scandinavian AirlinesOslo
92%
KLM, Norwegian Air Shuttle, Scandinavian AirlinesAmsterdam
90%
Aegean Airlines, Norwegian Air Shuttle, Scandinavian AirlinesAthens
90%
Eurowings, Norwegian Air Shuttle, Ryanair, Scandinavian Airlines, VuelingBarcelona
90%
easyJet, Eurowings, Norwegian Air Shuttle, Scandinavian AirlinesBerlin
90%
Norwegian Air ShuttleLondon (Gatwick)
90%
British Airways, Scandinavian AirlinesLondon (Heathrow)
90%
RyanairLondon (Stansted)
90%
IberiaMadrid
90%
Eurowings, Norwegian Air Shuttle, Ryanair, Scandinavian AirlinesRome (Fiumicino)
90%
Eurowings, Scandinavian AirlinesCopenhagen
88%
FinnairNew York (John F. Kennedy)
88%
Lufthansa, Scandinavian AirlinesFrankfurt
87%
Scandinavian AirlinesDublin
86%
Scandinavian AirlinesMilan (Linate)
86%
easyJet, Scandinavian AirlinesMilan (Malpensa)
86%
AeroflotMoscow (Sheremetyevo)
86%
LOT Polish Airlines, Scandinavian AirlinesWarsaw (Chopin)
86%
RyanairWarsaw (Modlin)
86%
Scandinavian Airlines, Swiss International AirlinesZurich
86%
Air ChinaBeijing (Capital)
85%
EmiratesDubai (International)
85%
airBaltic, Norwegian Air Shuttle, RyanairRiga
85%
Finnair, Norwegian Air Shuttle, Scandinavian AirlinesBergen
84%
Finnair, Thai AirwaysBangkok (Suvarnabhumi)
83%
Lufthansa, Norwegian Air Shuttle, Scandinavian AirlinesMunich
83%
Brussels Airlines, Scandinavian AirlinesBrussels
82%
Eurowings, Scandinavian AirlinesHamburg
82%
Turkish AirlinesIstanbul
82%
Pegasus AirlinesIstanbul (Sabiha Gokcen)
82%
SkyUp, Ukraine International AirlinesKiev (Boryspil)
82%
Ryanair, Scandinavian AirlinesMalmo
82%
Norwegian Air Shuttle, Scandinavian AirlinesManchester (UK)
82%
Eurowings, Norwegian Air Shuttle, Scandinavian AirlinesNice
82%
Austrian Airlines, RyanairVienna
82%
Norwegian Air Shuttle, Scandinavian Airlines, TAP Air PortugalLisbon
80%
FinnairLos Angeles
80%
Air FranceMarseille
80%
Norwegian Air Shuttle, Scandinavian AirlinesEdinburgh
78%
Norwegian Air Shuttle, Scandinavian AirlinesVilnius
78%
Ryanair, Scandinavian AirlinesGothenburg
77%
Icelandair, Scandinavian AirlinesReykjavik (Keflavik)
77%
Norwegian Air Shuttle, Ryanair, Scandinavian AirlinesKrakow
76%
Czech Airlines, Norwegian Air Shuttle, Scandinavian AirlinesPrague
76%
Scandinavian AirlinesSaint Petersburg (Pulkovo)
76%
airBaltic, Norwegian Air Shuttle, Ryanair, Scandinavian AirlinesTallinn
76%
Blue Air, TAROMBucharest
75%
Qatar AirwaysDoha
75%
All Nippon AirwaysTokyo (Haneda)
75%
Norwegian Air ShuttleBudapest
74%
Scandinavian AirlinesChicago (O'Hare)
74%
Air Serbia, Norwegian Air ShuttleBelgrade
73%
China Eastern AirlinesShanghai (Pudong)
73%
Eurowings, Scandinavian AirlinesDusseldorf
72%
TransaviaLyon
72%
Finnair, Scandinavian AirlinesMiami
72%
Eurowings, Norwegian Air Shuttle, Ryanair, Scandinavian AirlinesGdansk
71%
Ethiopian AirlinesAddis Ababa
70%
AnadoluJetAnkara
70%
EurowingsBirmingham (UK)
70%
easyJet, Eurowings, Norwegian Air Shuttle, Ryanair, Scandinavian AirlinesMalaga
70%
Scandinavian AirlinesNaples
69%
Novair, Pegasus Airlines, Sunclass Airlines, TUI fly Nordic, Turkish AirlinesAntalya
68%
Norwegian Air Shuttle, RyanairVenice
68%
EurowingsCologne/Bonn
67%
Scandinavian AirlinesTrondheim
66%
Eurowings, Norwegian Air Shuttle, Ryanair, Scandinavian AirlinesAlicante
63%
Iraqi AirwaysBaghdad
63%
Norwegian Air Shuttle, Scandinavian AirlinesPalermo
63%
Sunclass Airlines, TUI fly NordicSal
63%
easyJet, Scandinavian AirlinesGeneva
62%
LuxairLuxembourg
62%
Finnair, Thai Airways, TUI AirwaysPhuket
59%
Iran AirTehran (Imam Khomeini)
59%
Ryanair, Scandinavian AirlinesThessaloniki
59%
Scandinavian AirlinesAarhus
57%
Scandinavian AirlinesStavanger
57%
Norwegian Air Shuttle, Scandinavian Airlines, TUI fly NordicSplit
56%
RyanairAalborg
55%
Norwegian Air Shuttle, Novair, Scandinavian Airlines, Sunclass Airlines, TUI fly NordicGran Canaria
55%
Novair, Sunclass Airlines, TUI fly NordicTenerife (South)
55%
FlyErbilErbil
54%
Scandinavian AirlinesTurku
54%
Norwegian Air Shuttle, Scandinavian AirlinesUmea
54%
Norwegian Air Shuttle, Scandinavian AirlinesDubrovnik
53%
Norwegian Air Shuttle, Ryanair, Scandinavian AirlinesLulea
53%
Scandinavian AirlinesTirana
53%
Scandinavian AirlinesBeirut
52%
AirExploreBratislava
52%
Norwegian Air ShuttleSarajevo
52%
Norwegian Air ShuttleTel Aviv
52%
Norwegian Air Shuttle, Novair, Ryanair, Scandinavian AirlinesCorfu
51%
Corendon Airlines, Norwegian Air Shuttle, Novair, Sunclass Airlines, TUI fly NordicRhodes
51%
Norwegian Air Shuttle, Sunclass AirlinesHeraklion
50%
Norwegian Air Shuttle, Novair, Scandinavian Airlines, TUI fly NordicKos
48%
Scandinavian Airlines, United AirlinesNewark
48%
Air Leap, Norwegian Air Shuttle, Ryanair, Scandinavian AirlinesVisby
48%
Ryanair, Scandinavian AirlinesBologna
47%
RyanairLiverpool
47%
Norwegian Air Shuttle, Scandinavian AirlinesSantorini
47%
Scandinavian AirlinesBillund
46%
Norwegian Air ShuttleCatania
46%
easyJet, Eurowings, Norwegian Air Shuttle, Ryanair, Scandinavian Airlines, Scandinavian Airlines, Sunclass Airlines, TUI fly NordicPalma de Mallorca
46%
Norwegian Air Shuttle, Scandinavian Airlines, Sunclass Airlines, TUI fly NordicLarnaca
45%
RyanairWroclaw
45%
Norwegian Air Shuttle, Scandinavian AirlinesKiruna
44%
Scandinavian AirlinesMalta
44%
Scandinavian AirlinesInnsbruck
43%
EurowingsPristina
43%
Eurowings, Norwegian Air Shuttle, Scandinavian AirlinesFaro
42%
Novair, TUI fly NordicZakynthos
41%
Scandinavian AirlinesTampere
40%
Corendon Airlines, Norwegian Air Shuttle, Novair, Ryanair, Scandinavian Airlines, Sunclass Airlines, TUI fly NordicChania
39%
Sunclass AirlinesVarna
39%
TUI AirwaysCancun
38%
NovairFunchal
38%
RyanairKaunas
38%
Scandinavian AirlinesOstersund
38%
TUI fly NordicLanzarote
37%
Norwegian Air Shuttle, Scandinavian AirlinesPisa
37%
Norwegian Air Shuttle, TUI fly NordicBurgas
34%
Corendon Airlines, NovairHurghada
34%
Scandinavian AirlinesKalmar
33%
RyanairPoznan
31%
Corendon AirlinesSharm El Sheikh
31%
RyanairZadar
31%
RyanairBergamo
30%
Air LeapMariehamn
30%
TransaviaMontpellier
30%
TUI fly NordicDalaman
29%
Novair, Sunclass AirlinesFuerteventura
29%
Norwegian Air Shuttle, Scandinavian AirlinesOlbia
27%
TUI fly NordicPula
27%
TUI fly NordicZanzibar
26%
Aegean AirlinesKalamata
25%
Ryanair, Scandinavian AirlinesSkelleftea
25%
Air Leap, Scandinavian AirlinesSundsvall
24%
RyanairBrindisi
23%
RyanairCharleroi
23%
Novair, Scandinavian Airlines, Sunclass AirlinesPreveza/Kefkada
23%
Scandinavian AirlinesAngelholm
22%
Scandinavian AirlinesKefalonia
22%
TUI AirwaysKrabi
22%
TUI AirwaysMauritius
20%
Scandinavian AirlinesRonneby
20%
Scandinavian Airlines, TUI fly NordicSamos
19%
Sunclass Airlines, TUI fly NordicBoa Vista
18%
Scandinavian Airlines, Sunclass AirlinesSkiathos
18%
RyanairKarlsruhe/Baden-Baden
17%
Norwegian Air ShuttlePalanga
17%
Scandinavian AirlinesVaasa
16%
Scandinavian AirlinesBiarritz
15%
NouvelairMonastir
15%
RyanairBanja Luka
14%
Scandinavian AirlinesKavala
14%
Air LeapOrnskoldsvik
14%
TUI fly NordicSalen-Trysil
14%
RyanairNis
13%
Scandinavian AirlinesKarpathos
12%
SunExpressKonya
12%
FlyErbilSulaimaniyah
12%
Scandinavian AirlinesGazipasa
11%
Scandinavian AirlinesVolos
11%
NordicaArvidsjaur
10%
Amapola FlygVilhelmina
10%
Scandinavian AirlinesChios
9%
Amapola FlygTorsby
9%
Amapola FlygHagfors
8%
Sunclass AirlinesBanjul
7%
Novair, Scandinavian AirlinesIoannina
7%
Amapola FlygKramfors
7%
JonairSveg
7%
Amapola FlygHemavan
6%
Amapola FlygLycksele
5%
RyanairBeziers
4%
Scandinavian AirlinesLemnos
4%
TUI AirwaysPhu Qouc
4%
Scandinavian AirlinesMytiline
1%
Scandinavian AirlinesTrosmo
1%

Score Distribution

Percentile by Number Answered

Percent of People with Each Score

Your Score History

You have not taken this quiz since the last reset